|
|
|
|
| LEADER |
04930nam a22004213i 4500 |
| 001 |
EBC6422794 |
| 003 |
MiAaPQ |
| 005 |
20231204023215.0 |
| 006 |
m o d | |
| 007 |
cr cnu|||||||| |
| 008 |
231204s2017 xx o ||||0 eng d |
| 020 |
|
|
|a 9783319544632
|q (electronic bk.)
|
| 020 |
|
|
|z 9783319544625
|
| 035 |
|
|
|a (MiAaPQ)EBC6422794
|
| 035 |
|
|
|a (Au-PeEL)EBL6422794
|
| 035 |
|
|
|a (OCoLC)1066190372
|
| 040 |
|
|
|a MiAaPQ
|b eng
|e rda
|e pn
|c MiAaPQ
|d MiAaPQ
|
| 050 |
|
4 |
|a JZ2-6530
|
| 082 |
0 |
|
|a 327.092
|
| 100 |
1 |
|
|a Gleditsch, Nils Petter.
|
| 245 |
1 |
0 |
|a R. J. Rummel :
|b an Assessment of His Many Contributions.
|
| 250 |
|
|
|a 1st ed.
|
| 264 |
|
1 |
|a Cham :
|b Springer International Publishing AG,
|c 2017.
|
| 264 |
|
4 |
|c ©2017.
|
| 300 |
|
|
|a 1 online resource (147 pages)
|
| 336 |
|
|
|a text
|b txt
|2 rdacontent
|
| 337 |
|
|
|a computer
|b c
|2 rdamedia
|
| 338 |
|
|
|a online resource
|b cr
|2 rdacarrier
|
| 490 |
1 |
|
|a SpringerBriefs on Pioneers in Science and Practice Series ;
|v v.37
|
| 505 |
0 |
|
|a Intro -- Foreword -- Contents -- 1 R.J. Rummel-A Multi-faceted Scholar -- 1.1 A Rummel Timeline -- 1.2 The Lone Ranger -- 1.3 The Critics -- 1.4 The Novelist and the Artist -- 1.5 Personal Recollections -- 1.6 A Final Assessment -- References -- 2 Dad -- 3 R.J. Rummel, Citizen Scholar: An Interview on the Occasion of His Retirement -- 3.1 Introduction -- 3.2 A Premature Retirement from Teaching -- 3.3 A Scientist's Explicit Reference to Values -- 3.4 The Interview, Part I: An Aversion -- 3.5 The Interview, Part II: An Affinity -- 3.6 The Interview, Part III: Science as a Profession -- 3.7 The Interview, Part IV: Worse than War -- 3.8 The Interview, Part V: A Liberal Education -- 3.9 The Interview, Part VI: Theory Informed, Data-driven Research -- 3.10 The Interview, Part VII: Lessons Learned -- Reference -- 4 Rummel as a Great Teacher -- 4.1 The Great Teacher -- 4.2 Rummel's Korean Students -- 4.3 My Own Work with Rummel -- 4.4 Freedom and Dignity -- 4.5 Rudy in Space -- Rummel's Work Published in Korea -- 5 Contextualizing Rummel's Field Theory -- 5.1 A Genealogical Preface -- 5.2 Field Theory Genealogy: Take-off Traces -- 5.3 Systems Thinking -- 5.4 Field Theories -- 5.5 Parallel Constructions -- 5.6 Implications and Possible Applications -- References -- 6 R.J. Rummel, Nuclear Superiority, and the Limits of Détente -- 6.1 Introduction -- 6.2 Rummel's Arguments -- 6.3 The Legacy of Peace Endangered -- References -- 7 Rummel's Unfinished Legacy: Reconciling Peace Research and Realpolitik -- 7.1 The Legacy -- 7.2 Russian Expansion in the Ukraine: A Realist View -- 7.3 Realism and the Capitalist Peace -- 7.4 Beyond Rummel: Dovish Realism -- 7.5 Rummel's Strategic Environment and Ours -- References -- 8 Understanding Conflict and War: An Overlooked Classic? -- 8.1 Introduction -- 8.2 UCW: Structure and Main Themes.
|
| 505 |
8 |
|
|a 8.3 UCW: System-level Propositions -- 8.4 Dyadic-level Propositions in UCW and Contemporary Research -- 8.5 National-level Hypotheses in UCW -- 8.6 Conclusion -- References -- 9 Rummel and Singer, DON and COW -- References -- 10 Regime Type Matters -- 10.1 Introduction -- 10.2 Rummel's Regime Type Matters Trajectory-From DON to BBF -- 10.3 An Assessment -- 10.4 Academics -- 10.5 Policy -- 10.6 GDA-ing Rummel -- 10.7 Reflections on Rummel and Galtung -- 10.8 In Summary -- References -- 11 Democracy as a Method of Nonviolence -- 11.1 Rummel's Motivation -- 11.2 The Basic Argument -- 11.3 Nonviolence as the Absence of Unrestrained State Violence -- 11.4 The Path to Democracy: Necessarily Bloody? -- 11.5 Democracy as the Logical Conclusion? -- References -- 12 The Comparative Analysis of Mass Atrocities and Genocide -- 12.1 Definitional Issues -- 12.2 Data Questions -- 12.3 Discovering Intent -- 12.4 Theoretical Issues -- References -- 13 Curriculum Vitae and Publications -- 13.1 Curriculum Vitae -- 13.2 Publications, Reports, and Papers -- 13.2.1 Books -- 13.2.2 Articles and Chapters -- 13.2.3 Research Reports of the Dimensionality of Nations Project -- 13.2.4 Papers (Department of Political Science, University of Hawaii) -- 13.2.5 Papers Written for the Website -- 13.2.6 Newspaper Articles -- Rudolph J. Rummel -- Nils Petter Gleditsch -- About this Book.
|
| 588 |
|
|
|a Description based on publisher supplied metadata and other sources.
|
| 590 |
|
|
|a Electronic reproduction. Ann Arbor, Michigan : ProQuest Ebook Central, 2023. Available via World Wide Web. Access may be limited to ProQuest Ebook Central affiliated libraries.
|
| 655 |
|
4 |
|a Electronic books.
|
| 776 |
0 |
8 |
|i Print version:
|a Gleditsch, Nils Petter
|t R. J. Rummel: an Assessment of His Many Contributions
|d Cham : Springer International Publishing AG,c2017
|z 9783319544625
|
| 797 |
2 |
|
|a ProQuest (Firm)
|
| 830 |
|
0 |
|a SpringerBriefs on Pioneers in Science and Practice Series
|
| 856 |
4 |
0 |
|u https://ebookcentral.proquest.com/lib/matrademy/detail.action?docID=6422794
|z Click to View
|